|
|
|
|
| LEADER |
01378nam a22003737i 4500 |
| 001 |
37045 |
| 003 |
BD-DhAAL |
| 005 |
20200217112650.0 |
| 008 |
200217r20182016flua b 001 0 eng d |
| 999 |
|
|
|c 41691
|d 41691
|
| 010 |
|
|
|a 2015431622
|
| 020 |
|
|
|a 9781138582736
|
| 020 |
|
|
|a 9781498757775
|
| 020 |
|
|
|a 1498757774
|
| 020 |
|
|
|z 9781498757812 (VitalBook ebook)
|
| 035 |
|
|
|a (OCoLC)ocn920452991
|
| 040 |
|
|
|a BTCTA
|b eng
|c BTCTA
|e rda
|d BDX
|d YDXCP
|d OCLCQ
|d OCLCO
|d EGM
|d OCLCF
|d EYM
|d COO
|d DLC
|d BD-DhAAL
|
| 042 |
|
|
|a lccopycat
|
| 050 |
0 |
0 |
|a Q183.9
|b .X84 2016
|
| 082 |
0 |
4 |
|a 502.85
|2 23
|
| 100 |
1 |
|
|a Xue, Dingyü.
|9 39308
|
| 245 |
1 |
0 |
|a Scientific computing with Matlab /
|c Dingyü Xue, YangQuan Chen.
|
| 250 |
|
|
|a Second edition
|
| 260 |
|
|
|a Boca Raton, FL :
|b CRC Press,
|c c2016 [reprinted 2018]
|
| 300 |
|
|
|a xvii, 586 pages :
|b illustrations ;
|c 27 cm
|
| 500 |
|
|
|a A chapman & Hall Book.
|
| 504 |
|
|
|a Includes bibliographical references and index.
|
| 526 |
|
|
|a MNS
|
| 541 |
|
|
|a Hye Trade International
|e 37045
|
| 650 |
|
0 |
|a Science
|x Data processing.
|9 39309
|
| 700 |
1 |
|
|a Chen, YangQuan,
|d 1966-
|9 39310
|
| 852 |
|
|
|a Ayesha Abed Library
|c General Stacks
|
| 942 |
|
|
|2 ddc
|c BK
|
| 952 |
|
|
|0 0
|1 0
|2 ddc
|4 0
|6 502_850000000000000_XUE
|7 0
|9 67867
|a BRACUL
|b BRACUL
|c GEN
|d 2020-02-09
|e Hye Trade International
|g 5888.00
|l 0
|o 502.85 XUE
|p 3010037045
|r 2020-02-09
|t 1
|v 5888.00
|w 2020-02-09
|y BK
|